• 首页
  • 本馆介绍
  • 公告通知
  • 最新文献
  • 馆藏检索
  • 电子资源
  • 读者导购
  • 参考咨询
  • 我的图书馆
  • 登录
  • 详细信息显示
  • 放入我的书架
  • 预约/预借图书
  • 作者相关作品
  • 分类相关作品
  • 丛书相关作品
  • 出版社相关作品

书目信息

  • 表格格式
  • 工作单格式
  • 卡片格式
题名:
建设工程监理概论
    
 
作者: 刘晓丽 , 齐亚丽 主编
分册:  
出版信息: 北京   北京理工大学出版社有限责任公司  2020.10
页数: 261页
开本: 26cm
丛书名:
单 册:
中图分类: TU712.2
科图分类:
主题词: 建筑工程--监理工作
电子资源:
ISBN: 978-7-5682-9135-4
000 00966nam0 2200253 45
001 012001000002
005 20211012142553.88
010    @a978-7-5682-9135-4@dCNY68.00
100    @a20210128d2020 em y0chiy50 ea
101 0  @achi
102    @aCN@b110000
105    @ay z 000yy
106    @ar
200 1  @a建设工程监理概论@b专著@f刘晓丽,齐亚丽主编@Ajian she gong cheng jian li gai lun
205    @a3版
210    @a北京@c北京理工大学出版社有限责任公司@d2020.10
215    @a261页@d26cm
330    @a本书共分为九章,主要内容包括建设工程监理概述、工程监理企业和监理工程师、建设工程监理组织、监理规划与监理实施细则、建设工程监理目标控制、建设工程合同管理、建设工程监理信息管理、建设工程设备采购与设备监造、建设工程风险管理等。
606 0  @a建筑工程@x监理工作
690    @aTU712.2@v5
701  0 @a刘晓丽@c(建筑工程)@4主编@Aliu xiao li
701  0 @a齐亚丽@f(1982~)@4主编@Aqi ya li
801  0 @aCN@bBJSDL@c20211011
905    @b1330001-3@dTU712.2@e1805=3@f3
    
    建设工程监理概论/刘晓丽,齐亚丽主编.-3版.-北京:北京理工大学出版社有限责任公司,2020.10
    261页;26cm
    
    
    ISBN 978-7-5682-9135-4:CNY68.00
    本书共分为九章,主要内容包括建设工程监理概述、工程监理企业和监理工程师、建设工程监理组织、监理规划与监理实施细则、建设工程监理目标控制、建设工程合同管理、建设工程监理信息管理、建设工程设备采购与设备监造、建设工程风险管理等。
●
相关链接 在E读中查询图书 在五车中查询图书 在当当中查询图书 在豆瓣中查询图书


正题名:建设工程监理概论     索取号:TU712.2/1805=3         预约/预借

序号 登录号 条形码 馆藏地/架位号 状态 备注
1 1330001   213300015   第二样本阅览室/ [索取号:TU712.2/1805=3] 在馆    
2 1330002   213300024   第三借阅区/ [索取号:TU712.2/1805=3] 在馆    
3 1330003   213300033   第三借阅区/ [索取号:TU712.2/1805=3] 在馆    
唐山师范学院图书馆 欢迎您!
大连网信软件有限公司© 版权所有